[Event "Polanica Zdroj op-C 58th"]
[Site "Polanica Zdroj"]
[Date "2022.08.21"]
[Round "9"]
[White "Krupa, Jerzy"]
[Black "Gromada, Andrzej"]
[Result "0-1"]
[WhiteElo "1771"]
[BlackElo "1680"]
[PlyCount "94"]
[EventDate "2022.08.13"]
[EventType "swiss"]
[EventRounds "9"]
[EventCountry "POL"]
[SourceTitle "CBM 210 Extra"]
[Source "ChessBase"]
[SourceDate "2022.11.30"]
[SourceVersion "1"]
[SourceVersionDate "2022.11.30"]
[SourceQuality "1"]

1. e4 e6 2. d4 d5 3. Nd2 Nf6 4. e5 Nfd7 5. Bd3 c5 6. c3 Nc6 7. Ngf3 Qb6 8. 0-0 cxd4 9. cxd4 Nxd4 10. Nxd4 Qxd4 11. Nf3 Qb6 12. Qa4 Qb4 13. Qc2 Qc5 14. Qe2 Qc7 15. Bd2 Be7 16. Rac1 Qd8 17. Nd4 0-0 18. Rfe1 g6 19. Bh6 Bg5 20. Bxg5 Qxg5 21. Rc7 b6 22. b4 a5 23. Bb5 Nb8 24. Rec1 Ba6 25. bxa5 Bxb5 26. Qxb5 Rxa5 27. Qxb6 Rxa2 28. Nf3 Qf4 29. Qb3 Qa4 30. Qe3 Ra1 31. h3 Kg7 32. Kh2 Rxc1 33. Qxc1 h6 34. Qe3 Nc6 35. Qc1 Nd4 36. Qf4 Nxf3+ 37. Qxf3 Kg8 38. Qf6 Qe4 39. g4 g5 40. Kg3 Qh7 41. h4 Qg7 42. hxg5 hxg5 43. f4 Qxf6 44. exf6 gxf4+ 45. Kxf4 Rd8 46. Kg3 Rf8 47. Kf4 Rd8 0-1

[Event "Polanica Zdroj op-C 58th"]
[Site "Polanica Zdroj"]
[Date "2022.08.15"]
[Round "3"]
[White "Marusenko, Petr"]
[Black "Krupa, Jerzy"]
[Result "1-0"]
[WhiteElo "2075"]
[BlackElo "1771"]
[PlyCount "81"]
[EventDate "2022.08.13"]
[EventType "swiss"]
[EventRounds "9"]
[EventCountry "POL"]
[SourceTitle "CBM 210 Extra"]
[Source "ChessBase"]
[SourceDate "2022.11.30"]
[SourceVersion "1"]
[SourceVersionDate "2022.11.30"]
[SourceQuality "1"]

1. d4 Nf6 2. c4 e6 3. Nc3 d5 4. cxd5 exd5 5. Bg5 Be7 6. e3 0-0 7. Bd3 Nbd7 8. Nge2 Re8 9. Qc2 c6 10. 0-0 Nf8 11. Rab1 Ng6 12. b4 a6 13. Na4 Ne4 14. Bxe7 Rxe7 15. Nc5 f5 16. Ng3 Nh4 17. a4 Rf7 18. b5 axb5 19. axb5 Qg5 20. bxc6 bxc6 21. Rb6 Rf6 22. Rfb1 f4 23. exf4 Rxf4 24. Bxe4 dxe4 25. Ncxe4 Qg4 26. Qxc6 Ra7 27. Rb8 Rf8 28. Qd5+ Qe6 29. Qxe6+ Bxe6 30. Rxf8+ Kxf8 31. Ng5 Bd5 32. Nxh7+ Kf7 33. Ng5+ Kg6 34. N5e4 Ra4 35. Rd1 Rb4 36. f3 Rb2 37. Rd2 Rb3 38. Kf2 Nf5 39. Nxf5 Kxf5 40. Ng3+ Kf6 41. Nf1 1-0

[Event "EU-ch Seniors 65 21st"]
[Site "Lublin"]
[Date "2022.07.13"]
[Round "9"]
[White "Krupa, Jerzy"]
[Black "Dobosz, Henryk"]
[Result "0-1"]
[WhiteElo "1771"]
[BlackElo "2354"]
[PlyCount "68"]
[EventDate "2022.07.05"]
[EventType "swiss"]
[EventRounds "9"]
[EventCountry "POL"]
[SourceTitle "CBM 209 Extra"]
[Source "ChessBase"]
[SourceDate "2022.09.30"]
[SourceVersion "1"]
[SourceVersionDate "2022.09.30"]
[SourceQuality "1"]

1. e4 c5 2. Nf3 e6 3. d4 cxd4 4. Nxd4 Nc6 5. Nc3 Qc7 6. Be3 a6 7. Be2 Nf6 8. 0-0 d6 9. f4 Bd7 10. Nxc6 Bxc6 11. Bf3 Be7 12. Qe1 b5 13. a3 0-0 14. Qg3 Nd7 15. Bd4 e5 16. Be3 exf4 17. Bxf4 Ne5 18. Rad1 Rad8 19. h4 Bf6 20. Nd5 Bxd5 21. Rxd5 Qxc2 22. Bh6 Ng6 23. h5 gxh6 24. hxg6 hxg6 25. Bd1 Qxb2 26. Bh5 Be5 27. Qg4 Bg7 28. Bxg6 fxg6 29. Qe6+ Kh7 30. Rdf5 gxf5 31. exf5 Qd4+ 32. Rf2 Rf6 33. Qe2 Rxf5 34. Qc2 Rdf8 0-1

[Event "Rubinstein Memorial op-C 57th"]
[Site "Polanica Zdroj"]
[Date "2021.08.16"]
[Round "3"]
[White "Krupa, Jerzy"]
[Black "Mazalon, Mariusz"]
[Result "1-0"]
[WhiteElo "1831"]
[BlackElo "2014"]
[PlyCount "83"]
[EventDate "2021.08.14"]
[EventType "swiss"]
[EventRounds "9"]
[EventCountry "POL"]
[SourceTitle "EXT 2023"]
[Source "ChessBase"]
[SourceDate "2022.10.05"]
[SourceVersion "1"]
[SourceVersionDate "2022.10.05"]
[SourceQuality "1"]

1. e4 c5 2. Nf3 g6 3. Bc4 Bg7 4. 0-0 Nc6 5. c3 d6 6. d4 Nf6 7. dxc5 Nxe4 8. Qd5 Be6 9. Qxe4 d5 10. Bxd5 Bxd5 11. Qd3 Bxf3 12. Qxf3 0-0 13. Be3 Qc7 14. Na3 Ne5 15. Qe2 Nd7 16. Qc4 Rfc8 17. Rfd1 e6 18. Nb5 Qc6 19. Rd6 Ne5 20. Rxc6 Nxc4 21. Rxc8+ Rxc8 22. Nd6 Nxd6 23. cxd6 b6 24. d7 Rd8 25. Rd1 Kf8 26. a4 Bf6 27. a5 Rb8 28. axb6 axb6 29. Bf4 Ra8 30. Bc7 Bd8 31. Bxd8 Rxd8 32. Rd6 Ke7 33. Rxb6 Rxd7 34. Kf1 Rd2 35. b4 Rc2 36. Rc6 e5 37. b5 f5 38. b6 Kd7 39. Rc7+ Kd6 40. c4 Rb2 41. c5+ Kd5 42. b7 1-0

[Event "Polanica Zdroj op-B 56th"]
[Site "Polanica Zdroj"]
[Date "2020.08.18"]
[Round "4"]
[White "Staroniewicz, Janusz"]
[Black "Krupa, Jerzy"]
[Result "0-1"]
[WhiteElo "1557"]
[BlackElo "1818"]
[PlyCount "62"]
[EventDate "2020.08.15"]
[EventType "swiss"]
[EventRounds "9"]
[EventCountry "POL"]
[SourceTitle "CBM 198 Extra"]
[Source "ChessBase"]
[SourceDate "2020.11.30"]
[SourceVersion "1"]
[SourceVersionDate "2020.11.30"]
[SourceQuality "1"]

1. e4 c5 2. Nf3 e6 3. d4 cxd4 4. Nxd4 a6 5. Bd3 Nf6 6. 0-0 Qc7 7. Be3 Nc6 8. c3 Be7 9. Nd2 d5 10. Rc1 0-0 11. Re1 Ne5 12. Bb1 Neg4 13. f4 Nxe3 14. Rxe3 Qxf4 15. Rf3 Qg4 16. h3 Qh5 17. Qe2 Bc5 18. e5 Nd7 19. Re1 f6 20. exf6 Rxf6 21. Kh1 e5 22. Nf5 e4 23. Nxe4 dxe4 24. Qxe4 Kh8 25. Ng3 Qg6 26. Qh4 Qh6 27. Re8+ Rf8 28. Qe4 Nf6 29. Rxf6 gxf6 30. Nf5 Qg6 31. g4 Rxe8 0-1

[Event "POL-chT 2nd League"]
[Site "Jastrzebia Gora"]
[Date "2016.09.09"]
[Round "7.95"]
[White "Krupa, Jerzy"]
[Black "Wasik, Roman"]
[Result "1-0"]
[WhiteElo "1817"]
[BlackElo "1474"]
[PlyCount "63"]
[EventDate "2016.09.03"]
[EventType "team-swiss"]
[EventRounds "9"]
[EventCountry "POL"]
[SourceTitle "EXT 2017"]
[Source "ChessBase"]
[SourceDate "2016.10.25"]
[SourceVersion "1"]
[SourceVersionDate "2016.10.25"]
[SourceQuality "1"]
[WhiteTeam "Wroclaw AZS Politechnika"]
[BlackTeam "Rzeszow"]
[WhiteTeamCountry "POL"]
[BlackTeamCountry "POL"]

1. e4 c5 2. Nf3 d6 3. Bb5+ Bd7 4. Bxd7+ Qxd7 5. 0-0 Nc6 6. c3 Nf6 7. Re1 e5 8. d4 cxd4 9. cxd4 Be7 10. Nc3 0-0 11. h3 Rac8 12. Be3 a6 13. Qd2 b5 14. a3 Qb7 15. Bg5 exd4 16. Nxd4 Nxd4 17. Qxd4 h6 18. Bh4 Rc4 19. Qd3 Rfc8 20. Bg3 Qc6 21. Rad1 Rd8 22. Re2 Nh5 23. Nd5 Bg5 24. f4 Bf6 25. Bf2 Rc1 26. g4 Qc4 27. Kh2 Nxf4 28. Nxf4 Be5 29. Bg3 Rc8 30. Nd5 Kf8 31. Bxe5 dxe5 32. Nb6 1-0

[Event "Warsaw Najdorf Memorial op-B 13th"]
[Site "Warsaw"]
[Date "2015.07.10"]
[Round "1"]
[White "Maciaga, Marcin"]
[Black "Krupa, Jerzy"]
[Result "1-0"]
[WhiteElo "2168"]
[BlackElo "1835"]
[PlyCount "53"]
[EventDate "2015.07.10"]
[EventType "swiss"]
[EventRounds "9"]
[EventCountry "POL"]
[SourceTitle "CBM 167 Extra"]
[Source "ChessBase"]
[SourceDate "2015.09.14"]
[SourceVersion "1"]
[SourceVersionDate "2015.09.14"]
[SourceQuality "1"]

1. d4 Nf6 2. c4 e6 3. g3 Bb4+ 4. Nd2 0-0 5. Bg2 d5 6. Ngf3 Ne4 7. 0-0 Nxd2 8. Bxd2 Bxd2 9. Qxd2 dxc4 10. Ne5 c5 11. Rfd1 cxd4 12. Qxd4 Qxd4 13. Rxd4 f6 14. Nxc4 Nc6 15. Rd2 e5 16. Bd5+ Kh8 17. Nd6 g6 18. Rc1 Nd4 19. e3 Nf5 20. Nf7+ Kg7 21. Rc7 Rb8 22. Ng5+ Kh6 23. Rxh7+ Kxg5 24. f4+ exf4 25. gxf4+ Kg4 26. h3+ Kg3 27. Rg2# 1-0

[Event "Wroclaw op-A 6th"]
[Site "Wroclaw"]
[Date "2011.07.10"]
[Round "9"]
[White "Krokay, Urszula"]
[Black "Krupa, Jerzy"]
[Result "0-1"]
[WhiteElo "1940"]
[BlackElo "1906"]
[PlyCount "54"]
[EventDate "2011.07.04"]
[EventType "swiss"]
[EventRounds "9"]
[EventCountry "POL"]
[SourceTitle "CBM 143 Extra"]
[Source "ChessBase"]
[SourceDate "2011.08.29"]
[SourceVersion "1"]
[SourceVersionDate "2011.08.29"]
[SourceQuality "1"]

1. e4 d5 2. exd5 Qxd5 3. Nc3 Qd6 4. d4 Nf6 5. Be2 g6 6. Nf3 Bg7 7. 0-0 0-0 8. Nb5 Qb6 9. c4 c6 10. Nc3 Bf5 11. Bd3 Bg4 12. Be3 Qxb2 13. Na4 Qa3 14. Nc5 b6 15. Bc1 Qc3 16. Nb3 Qb4 17. h3 Be6 18. Ne5 Nfd7 19. a4 Nxe5 20. dxe5 Bxc4 21. Bxc4 Qxc4 22. f4 Na6 23. Ba3 Rad8 24. Qg4 c5 25. Rf3 Rd3 26. Qg3 Rxb3 27. Rxb3 Qd4+ 0-1

[Event "Wroclaw op-A 6th"]
[Site "Wroclaw"]
[Date "2011.07.09"]
[Round "8"]
[White "Krupa, Jerzy"]
[Black "Cukrowski, Filip"]
[Result "0-1"]
[WhiteElo "1906"]
[BlackElo "2113"]
[PlyCount "76"]
[EventDate "2011.07.04"]
[EventType "swiss"]
[EventRounds "9"]
[EventCountry "POL"]
[SourceTitle "CBM 143 Extra"]
[Source "ChessBase"]
[SourceDate "2011.08.29"]
[SourceVersion "1"]
[SourceVersionDate "2011.08.29"]
[SourceQuality "1"]

1. e4 c5 2. Nf3 d6 3. Bb5+ Nc6 4. 0-0 Bd7 5. Re1 a6 6. Bf1 Nf6 7. c3 Bg4 8. h3 Bh5 9. d3 e6 10. Be3 Be7 11. Nbd2 0-0 12. d4 Bg6 13. Bg5 cxd4 14. Nxd4 d5 15. e5 Nd7 16. Bf4 Nxd4 17. cxd4 Rc8 18. Rc1 Qb6 19. Nb3 a5 20. a4 Rxc1 21. Bxc1 Rc8 22. Bb5 Nb8 23. Qg4 Na6 24. Re3 Nb4 25. Bd2 Rc2 26. Bc3 Qc7 27. Qd1 Bg5 28. Re1 b6 29. g3 Na2 30. Bd3 Bxd3 31. Qxd3 Nb4 32. Qd1 Qc4 33. f4 Qxb3 34. fxg5 Na2 35. Rf1 Nxc3 36. Rf3 Rg2+ 37. Kxg2 Qxb2+ 38. Rf2 Nxd1 0-1

[Event "Wroclaw op-A 6th"]
[Site "Wroclaw"]
[Date "2011.07.08"]
[Round "7"]
[White "Krupa, Jerzy"]
[Black "Tworzydlo, Piotr"]
[Result "1/2-1/2"]
[WhiteElo "1906"]
[BlackElo "2064"]
[PlyCount "157"]
[EventDate "2011.07.04"]
[EventType "swiss"]
[EventRounds "9"]
[EventCountry "POL"]
[SourceTitle "CBM 143 Extra"]
[Source "ChessBase"]
[SourceDate "2011.08.29"]
[SourceVersion "1"]
[SourceVersionDate "2011.08.29"]
[SourceQuality "1"]

1. e4 c5 2. Nf3 d6 3. Bb5+ Bd7 4. Bxd7+ Qxd7 5. 0-0 Nc6 6. c3 Nf6 7. Re1 e5 8. d4 cxd4 9. cxd4 Be7 10. Nc3 0-0 11. Bg5 Rfe8 12. Qd2 Qd8 13. Rad1 h6 14. Bxf6 Bxf6 15. Nd5 Rc8 16. b4 exd4 17. b5 Ne5 18. Nxd4 Nc4 19. Qb4 g6 20. Nxf6+ Qxf6 21. Nf3 Rc5 22. Rd4 Rec8 23. Red1 Qe6 24. h3 a5 25. bxa6 bxa6 26. a4 R8c6 27. Qb8+ Kg7 28. Kh2 Rb6 29. Qa7 Rbc6 30. Kg1 Qe8 31. Rb1 Rc7 32. Rb8 Qc6 33. Qa8 Qxa8 34. Rxa8 Ra5 35. Rd8 Rxa4 36. R8xd6 Ra1+ 37. Rd1 Nxd6 38. Rxa1 Nxe4 39. Ne5 Nc5 40. Rc1 Ne6 41. Ra1 Nc5 42. Rc1 f6 43. Nd3 Ne6 44. Ra1 Ra7 45. Ra5 Kf8 46. Kf1 Ke8 47. Nb4 Nc7 48. Ke2 Kd7 49. Kd3 Kd6 50. f4 Ra8 51. g3 Rb8 52. Kc4 Rb5 53. Ra1 Rc5+ 54. Kd3 a5 55. Nc2 Nd5 56. Ra3 h5 57. Kd2 h4 58. f5 gxf5 59. gxh4 Ke5 60. h5 Kf4 61. h6 Rc7 62. Rxa5 Nc3 63. Nd4 Ne4+ 64. Ke2 Ng3+ 65. Kf2 Re7 66. Kg2 Ke3 67. Nc6 Rc7 68. Kxg3 f4+ 69. Kg4 Rxc6 70. h7 Rc8 71. Ra3+ Ke4 72. Ra7 f5+ 73. Kg5 f3 74. Re7+ Kd3 75. Rf7 f2 76. Rxf5 Ke2 77. Kg6 f1Q 78. Rxf1 Kxf1 79. Kg7 1/2-1/2

[Event "Polanica Zdroj op-A 47th"]
[Site "Polanica Zdroj"]
[Date "2011.??.??"]
[Round "4"]
[White "Iwanow, Anna"]
[Black "Krupa, Jerzy"]
[Result "1-0"]
[WhiteElo "2162"]
[BlackElo "1906"]
[PlyCount "73"]
[EventDate "2011.08.19"]
[EventType "swiss"]
[EventRounds "9"]
[EventCountry "POL"]
[SourceTitle "CBM 144 Extra"]
[Source "ChessBase"]
[SourceDate "2011.10.28"]
[SourceVersion "1"]
[SourceVersionDate "2011.10.28"]
[SourceQuality "1"]

1. e4 c5 2. Nf3 a6 3. c4 e6 4. d4 cxd4 5. Nxd4 Qc7 6. Nc3 Bb4 7. Bd2 Nf6 8. Bd3 Bc5 9. Nb3 Bd6 10. g3 h5 11. Qe2 h4 12. 0-0-0 b5 13. cxb5 axb5 14. Kb1 Ba6 15. Rc1 b4 16. Nb5 Bxb5 17. Rxc7 Bxd3+ 18. Qxd3 Bxc7 19. Rc1 Nc6 20. f4 hxg3 21. hxg3 e5 22. f5 Rh2 23. g4 Ke7 24. Nc5 Nd4 25. Bxb4 Bd6 26. Qc4 Rc8 27. g5 Ng4 28. Qd5 Rc6 29. g6 fxg6 30. Qg8 Bxc5 31. Qxg7+ Kd8 32. Bxc5 Kc8 33. Bxd4 Rxc1+ 34. Kxc1 exd4 35. Qxd4 Nf2 36. fxg6 Rh1+ 37. Kc2 1-0

[Event "Polanica Zdroj op-A 47th"]
[Site "Polanica Zdroj"]
[Date "2011.??.??"]
[Round "8"]
[White "Krupa, Jerzy"]
[Black "Ostrowska, Dominika"]
[Result "0-1"]
[WhiteElo "1906"]
[BlackElo "1942"]
[PlyCount "50"]
[EventDate "2011.08.19"]
[EventType "swiss"]
[EventRounds "9"]
[EventCountry "POL"]
[SourceTitle "CBM 144 Extra"]
[Source "ChessBase"]
[SourceDate "2011.10.28"]
[SourceVersion "1"]
[SourceVersionDate "2011.10.28"]
[SourceQuality "1"]

1. e4 e5 2. Nf3 Nc6 3. d4 exd4 4. Nxd4 Bc5 5. Nb3 Bb6 6. Nc3 Qf6 7. Qd2 Nge7 8. Bd3 0-0 9. 0-0 a5 10. a4 d6 11. Kh1 Nb4 12. f4 Bd7 13. Qe2 Bc6 14. e5 Qh4 15. Ne4 Nxd3 16. cxd3 Nf5 17. Rf3 Qh5 18. Qf1 Rfe8 19. Rh3 Qg4 20. Bd2 dxe5 21. fxe5 Rxe5 22. Re1 Bxe4 23. Bc3 Qxh3 24. Bxe5 Qxd3 25. Qf4 Ne3 0-1

[Event "Polanica Zdroj op-A 47th"]
[Site "Polanica Zdroj"]
[Date "2011.??.??"]
[Round "7"]
[White "Krupa, Jerzy"]
[Black "Sawicki, Wojciech"]
[Result "1-0"]
[WhiteElo "1906"]
[BlackElo "1740"]
[PlyCount "105"]
[EventDate "2011.08.19"]
[EventType "swiss"]
[EventRounds "9"]
[EventCountry "POL"]
[SourceTitle "CBM 144 Extra"]
[Source "ChessBase"]
[SourceDate "2011.10.28"]
[SourceVersion "1"]
[SourceVersionDate "2011.10.28"]
[SourceQuality "1"]

1. e4 e5 2. Nf3 Nc6 3. d4 exd4 4. Nxd4 Bc5 5. Nb3 Bb6 6. Nc3 a6 7. Nd5 Ba7 8. Be2 d6 9. 0-0 h6 10. Bd2 Nge7 11. Bc3 0-0 12. Kh1 f5 13. Bc4 Kh8 14. Qh5 Kh7 15. f3 b5 16. Nxe7 Nxe7 17. Bd3 c5 18. exf5 Bxf5 19. Rfe1 Bxd3 20. cxd3 b4 21. Bd2 Qd7 22. Re4 Ng8 23. Rg4 Qf7 24. Qh3 Rae8 25. Re1 Rxe1+ 26. Bxe1 Bb6 27. Bg3 Bc7 28. Rf4 Qe8 29. Re4 Qf7 30. Re6 Re8 31. Rxe8 Qxe8 32. Qf5+ g6 33. Qe4 Nf6 34. Qb7 Qd7 35. Nxc5 dxc5 36. Qxc7 Qxc7 37. Bxc7 Nd7 38. Kg1 Kg7 39. Kf2 Kf6 40. Ke3 Ke6 41. h4 h5 42. Kf4 Nf6 43. Kg5 Kf7 44. Bd6 Nd7 45. f4 Kg7 46. f5 gxf5 47. Kxf5 Kh6 48. Ke6 Nb6 49. Bxc5 Na4 50. Bd4 Kg6 51. Ke5 a5 52. Kf4 Kh6 53. Kf5 1-0

[Event "Polanica Zdroj op-A 47th"]
[Site "Polanica Zdroj"]
[Date "2011.??.??"]
[Round "1"]
[White "Panas, Pawel"]
[Black "Krupa, Jerzy"]
[Result "1-0"]
[WhiteElo "2186"]
[BlackElo "1906"]
[PlyCount "47"]
[EventDate "2011.08.19"]
[EventType "swiss"]
[EventRounds "9"]
[EventCountry "POL"]
[SourceTitle "CBM 144 Extra"]
[Source "ChessBase"]
[SourceDate "2011.10.28"]
[SourceVersion "1"]
[SourceVersionDate "2011.10.28"]
[SourceQuality "1"]

1. d4 Nf6 2. Nf3 e6 3. c4 b6 4. a3 Be7 5. Nc3 d5 6. cxd5 exd5 7. Qc2 a6 8. Bf4 c5 9. Rd1 0-0 10. e3 Re8 11. Be2 c4 12. Ne5 Bd6 13. 0-0 Bxe5 14. dxe5 Ng4 15. Bxc4 Bb7 16. Bxd5 Qc8 17. Bxb7 Qxb7 18. h3 Nh6 19. Bxh6 gxh6 20. Ne4 Rxe5 21. Nf6+ Kg7 22. Qxh7+ Kxf6 23. Qxh6+ Kf5 24. g4+ 1-0

[Event "Rewal op-B 15th"]
[Site "Rewal"]
[Date "2010.08.21"]
[Round "3"]
[White "Rogala, Lucyna"]
[Black "Krupa, Jerzy"]
[Result "1/2-1/2"]
[WhiteElo "1683"]
[BlackElo "1941"]
[PlyCount "108"]
[EventDate "2010.08.18"]
[EventType "swiss"]
[EventRounds "9"]
[EventCountry "POL"]
[SourceTitle "EXT 2014"]
[Source "ChessBase"]
[SourceDate "2013.11.20"]
[SourceVersion "1"]
[SourceVersionDate "2013.11.20"]
[SourceQuality "1"]

1. e4 c5 2. Nf3 e6 3. d4 cxd4 4. Nxd4 a6 5. Be2 Qc7 6. 0-0 Nf6 7. Nc3 Bb4 8. Qd3 Nc6 9. Nxc6 bxc6 10. Kh1 a5 11. f4 d5 12. e5 Nd7 13. Qg3 g6 14. Na4 Be7 15. b3 c5 16. Bb2 Bb7 17. Nc3 Bc6 18. a4 0-0 19. Nb5 Bxb5 20. Bxb5 Nb6 21. Be2 c4 22. Bd4 Bc5 23. Qe3 Bxd4 24. Qxd4 Rfc8 25. Rfb1 Qc5 26. Qxc5 Rxc5 27. bxc4 Nxc4 28. Rb5 Rxb5 29. axb5 Nb6 30. Bd3 a4 31. Kg1 a3 32. Kf1 Kf8 33. Ke1 Ke7 34. Kd2 d4 35. g3 Ra4 36. c3 dxc3+ 37. Kxc3 Nd5+ 38. Kb3 Rd4 39. Bf1 Rd2 40. Rxa3 Rxh2 41. Bc4 Rg2 42. Ka4 Nb6+ 43. Kb4 h6 44. Kc5 Nxc4 45. Kxc4 g5 46. fxg5 hxg5 47. Re3 Rc2+ 48. Kb4 Kd8 49. g4 Rg2 50. Re4 Kc7 51. Kc5 Kb7 52. Rd4 Rc2+ 53. Rc4 Rd2 54. Rd4 Rc2+ 1/2-1/2

[Event "Rewal op-B 14th"]
[Site "Rewal"]
[Date "2009.08.27"]
[Round "7"]
[White "Balandynowicz, Wojciech"]
[Black "Krupa, Jerzy"]
[Result "1/2-1/2"]
[WhiteElo "2055"]
[BlackElo "1973"]
[PlyCount "99"]
[EventDate "2009.08.20"]
[EventType "swiss"]
[EventRounds "9"]
[EventCountry "POL"]
[SourceTitle "EXT 2011"]
[Source "ChessBase"]
[SourceDate "2010.11.26"]
[SourceVersion "1"]
[SourceVersionDate "2010.11.26"]
[SourceQuality "1"]

1. d4 Nf6 2. c4 e6 3. g3 c5 4. Nf3 cxd4 5. Nxd4 Bc5 6. Bg2 Nc6 7. Nb3 Bb4+ 8. Bd2 Be7 9. Nc3 0-0 10. Bf4 d6 11. e4 Ne5 12. Bxe5 dxe5 13. Qxd8 Rxd8 14. Ke2 b6 15. Rhd1 Ba6 16. Rxd8+ Rxd8 17. Nd2 Rd4 18. b3 Bb4 19. Rc1 b5 20. cxb5 Bxb5+ 21. Nxb5 Rxd2+ 22. Kf3 Rxa2 23. Rc8+ Bf8 24. Bf1 g5 25. Bc4 h5 26. Nc3 Rc2 27. Ne2 g4+ 28. Ke3 Rb2 29. Nc1 Rb1 30. Nd3 Nd7 31. Rc7 Bh6+ 32. Ke2 Nf6 33. Nxe5 Nxe4 34. Nxf7 Rb2+ 35. Kd3 Nxf2+ 36. Kc3 Nd1+ 37. Kb4 Bf8+ 38. Kb5 Nc3+ 39. Kc6 Nd5 40. Bxd5 exd5 41. Kxd5 a5 42. Ng5 Rxb3 43. Ne6 Rb2 44. Rc8 Rf2 45. Ra8 a4 46. Ke4 a3 47. Ke3 Rf3+ 48. Ke2 Rf6 49. Nxf8 Rxf8 50. Rxa3 1/2-1/2

[Event "Rewal op-B 14th"]
[Site "Rewal"]
[Date "2009.08.20"]
[Round "1"]
[White "Buraczewski, Rafal"]
[Black "Krupa, Jerzy"]
[Result "0-1"]
[WhiteElo "1640"]
[BlackElo "1973"]
[PlyCount "114"]
[EventDate "2009.08.20"]
[EventType "swiss"]
[EventRounds "9"]
[EventCountry "POL"]
[SourceTitle "EXT 2011"]
[Source "ChessBase"]
[SourceDate "2010.11.26"]
[SourceVersion "1"]
[SourceVersionDate "2010.11.26"]
[SourceQuality "1"]

1. e4 c5 2. Nf3 e6 3. d4 cxd4 4. Nxd4 a6 5. Nc3 Qc7 6. Be2 Nf6 7. 0-0 Nc6 8. Be3 Bb4 9. Bg5 Ne5 10. Bxf6 gxf6 11. f4 Nc4 12. Bxc4 Qxc4 13. Nce2 b6 14. Qd3 Qc7 15. c3 Be7 16. Qg3 Bb7 17. Qd3 0-0-0 18. b4 Rdg8 19. Ng3 h5 20. Rf2 Rg4 21. Raf1 h4 22. Nge2 Rhg8 23. h3 R4g7 24. f5 e5 25. Nb3 Qc6 26. Nd2 d5 27. Qe3 dxe4 28. Rb1 Qd5 29. Rc1 Qd3 30. Nf1 Kb8 31. a3 Rg5 32. c4 a5 33. c5 Ba6 34. bxa5 Bxc5 35. Rxc5 bxc5 36. Qxc5 Rxg2+ 37. Rxg2 Rxg2+ 38. Kxg2 Qxe2+ 39. Kg1 Qxf1+ 40. Kh2 Qf4+ 41. Kh1 Qf3+ 42. Kh2 Qg3+ 43. Kh1 Qxh3+ 44. Kg1 Qg3+ 45. Kh1 Qf3+ 46. Kh2 Qf4+ 47. Kh1 Bf1 48. Qb6+ Kc8 49. Qc6+ Kd8 50. Qxf6+ Ke8 51. Qc6+ Kf8 52. Qc8+ Kg7 53. f6+ Kxf6 54. Qh8+ Kg6 55. Qg8+ Kh5 56. Qh8+ Kg4 57. Qg7+ Kh3 0-1